| 000 | 01120cam a2200349 i 4500 | ||
|---|---|---|---|
| 001 | 0000575 | ||
| 003 | DO-SdBNP | ||
| 005 | 20171110115021.0 | ||
| 007 | 0000575 | ||
| 008 | 100514s 1970 sp a 000 f spa | ||
| 015 | _a | ||
| 017 |
_a _b |
||
| 035 | _a | ||
| 040 |
_aBPMSU _bspa _cBPMSU _e |
||
| 080 | _a | ||
| 082 | 4 |
_a618.1 _bN935g, `1970 |
|
| 100 | 1 | _aNovak, Edmund R. | |
| 240 | 1 | 0 |
_aNovak´s gynecologic and obstetric pathology _lEspañol |
| 245 | 1 | 0 |
_aGinecóloga y obstetricia : _btratado anatomopatológico, clínico y endocrinológico, de Novak / _cEdmund R. Novak, Donald Woodruff ; traducción Manuel Martinez de Victoria Juguera |
| 250 | _a3a. ed. | ||
| 260 | 0 |
_aMadrid : _bAlhambra, _c1970. |
|
| 300 |
_a768 p. : _bil. _c22 m |
||
| 500 | _aIncluye índice | ||
| 504 | _aIncluye bibliografía al final de los capítulos | ||
| 650 | 4 | _aGINECOLOGÍA | |
| 700 | 1 | 2 | _aWoodruff, Donald |
| 700 | 1 | 2 |
_aMartinez de Victoria Juguera, Manuel _etrad. |
| 910 | _aValidado. Control de calidad MFF | ||
| 942 |
_2ddc _cBK |
||
| 945 | _aInventariado, 2017/MFF | ||
| 956 |
_aYLOCKWARD _810 _cBPMSU |
||
| 999 |
_c11039 _d11039 |
||